000 00423nam a2200157 i 4500
001 33965
003 ES-MaACL
005 20230906154842.0
007 t|
008 030203s1970 sp ||||1| spa d
100 1 _aBodelón, Serafín.
_929695
245 1 0 _aRanas adúlteras /
_cSerafín Bodelón.
260 _aBarcelona :
_b[s.n.,
_c1970] (
_fOrtega)
300 _a84 p. ;
_c22 cm.
852 _aES-MaACL
_jC-39566
_bR.74567
999 _c33965
_d33965